Ágost. hitv. evang. keresztyén hit- és erkölcstan középiskolák III-IV., polgári-, kereskedelmi és a népiskolák VII-VIII. osztálya számára

Bibliographic Details
Main Author: Smíd, István (Author)
Format: Book
Language:Hungarian
PhysicalDescription:86 s. 8°
Published: [S.l.] Szlovenszkói magyar evangélikus szövetség 1926
Subjects:

MARC

LEADER 00000nam a2200000 a 4500
001 vtls008397353
003 SK-MaSNL
005 20260301151642.0
008 251124s1926 xo hun
015 |a SKSNBA19191938-006272 
035 |a SK01SNKBIKKM20010089570 
035 |a SKM000092033 
040 |a SNK  |b slo  |c SNK  |e AACR2 
041 1 |a hun 
044 |a xo 
080 |a 2(075)  |2 1981 
100 1 |a Smíd, István  |4 aut  |9 510672 
245 1 0 |a Ágost. hitv. evang. keresztyén hit- és erkölcstan  |b középiskolák III-IV., polgári-, kereskedelmi és a népiskolák VII-VIII. osztálya számára  |c írta: Smíd István 
260 |a [S.l.]  |b Szlovenszkói magyar evangélikus szövetség  |c 1926  |e Rozsnyó  |f Gömöri Zoltán 
300 |a 86 s.  |c 8° 
650 0 7 |a náboženstvo  |x učebnice  |2 SNK  |9 346288 
655 7 |a učebnice  |2 SNKPH  |9 22521 
852 |a Slovenská národná knižnica v Martine  |b 10000  |h MS SD 12125 
852 |a Univerzitná knižnica v Bratislave  |b 300000  |h 21 F 3945 
958 |a OND 
958 |a RK 
958 |a TL 
999 |c 787213  |d 789143 
952 |a SNK  |b SNK  |y VYP  |7 0  |p 17A1316330  |o snkSD 12125 D1  |i snkKSK 157/57  |8 3  |0 0  |1 0  |4 0  |d 2020-12-03  |l 0  |r 2026-02-24 01:24:32  |w 2026-02-24 
952 |a SNK  |b SNK  |y PREZ  |7 0  |p 17A0492568  |o snkSD 12125  |i snk2768/56  |0 0  |1 0  |4 0  |d 2005-12-07  |l 0  |r 2025-11-25 00:00:00  |w 2026-02-24